[Event "LSS OP-2009-0-00804"]
[Site "LSS email"]
[Date "2009.04.01"]
[Round "?"]
[White "Van Rooijen, Peter"]
[Black "Deda, Sam"]
[Result "1/2-1/2"]
[WhiteElo "1656"]
[BlackElo "800"]
[PlyCount "128"]
[EventDate "2009.03.28"]
[EventType "tourn (corr)"]
[EventRounds "4"]
[EventCountry "GER"]
[SourceTitle "Telechess CBM 147"]
[Source "ChessBase"]
[SourceDate "2012.03.16"]
[SourceVersion "1"]
[SourceVersionDate "2012.03.16"]
[SourceQuality "1"]

1. b4 d5 2. Bb2 e6 3. e3 Nf6 4. b5 a6 5. Nf3 axb5 6. Bxb5+ c6 7. Be2 Be7 8. c4 0-0 9. d4 Nbd7 10. Nbd2 dxc4 11. Bxc4 b5 12. Bd3 Bb7 13. 0-0 h6 14. Qc2 Ra4 15. Nb1 Qa8 16. Nc3 Ra5 17. a3 Rc8 18. Qe2 Bxa3 19. Bxa3 Rxa3 20. Qb2 Rxa1 21. Rxa1 Qb8 22. Ne2 Qc7 23. Nc3 Ra8 24. Rxa8+ Bxa8 25. h3 Qa5 26. Nd2 Nb6 27. Nce4 Nfd7 28. Nc3 e5 29. Nce4 exd4 30. exd4 Nd5 31. Nd6 g6 32. Be4 N7b6 33. h4 Qb4 34. Qxb4 Nxb4 35. h5 gxh5 36. Bf3 h4 37. Nf5 Kh7 38. Nxh4 N4d5 39. Kf1 Ne7 40. Ne4 Nc4 41. Bg4 Kg7 42. Ke2 Bb7 43. Nf5+ Nxf5 44. Bxf5 Kf8 45. Bg4 Ke7 46. Nc5 Ba8 47. Kd3 Nb6 48. Kc3 Nd5+ 49. Kb3 Kd6 50. g3 Nf6 51. Bf3 Nd7 52. Ne4+ Kc7 53. Bg4 Bb7 54. Kb4 Nb6 55. Nf6 Bc8 56. Bxc8 Nxc8 57. Kc5 Nd6 58. g4 Nb7+ 59. Kb4 Kd6 60. Ng8 Kd5 61. Ne7+ Kxd4 62. Nxc6+ Ke4 63. Ne7 Kf4 64. Ng8 Nd6 1/2-1/2